| 000 | 00882nam a2200181Ia 4500 | ||
|---|---|---|---|
| 008 | 160105s9999 xx 000 0 und d | ||
| 041 | _aeng | ||
| 110 | _aInternational Society of Soil Science | ||
| 245 | _aSoil micromorphology | ||
| 260 | _bElsevier | ||
| 260 | _c1994 | ||
| 500 | _aCote d'origine affectée par la BC : BC_646 68 devient SS_631.47 | ||
| 653 | _aARCHEOLOGIE | ||
| 654 | _xTRAIT MICROMORPHOLOGIQUE DU SOL/GESTION/ZONE TROPICALE/PEDOGENESE/ROCHE/SOL HYDROMORPHE/TECHNIQUE ANALYTIQUE/ELEMENT CHIMIQUE/TAXONOMIE/PALEOSOL/GENETIQUE/ENVIRONNEMENT/SCIENCES DU SOL/BIOTE/STRUCTURE DU SOL/PROPRIETE PHYSICOCHIMIQUE DU SOL/CROUTE DU SOL/SOL STRATIFIE/ETUDE DE CAS/EUROPE/AFRIQUE/ASIE/AMERIQUE/AUSTRALIE | ||
| 942 | _c01 | ||
| 994 | _a105789 | ||
| 999 |
_c5735 _d33733 |
||